|
|
|
|
| LEADER |
00000nam a22000007a 4500 |
| 005 |
20200721231218.0 |
| 007 |
cr|||| |||| |
| 008 |
200721s2020 co |||||s|||| 00||0 spa d |
| 020 |
|
|
|a 978-958-774-913-7
|
| 035 |
|
|
|a 31849
|
| 040 |
|
|
|a vLex
|
| 090 |
|
|
|c 10669
|d 10669
|
| 100 |
1 |
|
|a Cepeda Ulloa, Fernando
|
| 245 |
1 |
2 |
|a La Fundacin̤ Ford en Colombia (1962-2012)
|h [Recurso electrn̤ico] /
|c Fernando Cepeda Ulloa, Luis Fernando Molina Londoǫ
|
| 256 |
|
|
|a Servicio en ln̕ea
|
| 260 |
|
|
|a Bogot:̀
|b Universidad de Los Andes (Colombia),
|c 2020
|
| 300 |
|
|
|a 1 recurso electrn̤ico
|
| 506 |
1 |
|
|a Disponible solo en los productos indicados
|d vLex Global
|d vLex Global (Academic Edition, excluding Law Schools)
|d vLex Global (U.S. Academic Edition, Law Schools)
|d vLex Global (U.S. Academic Edition, excluding Law Schools)
|d vLex Global (Academic Edition, Law Schools)
|
| 650 |
0 |
4 |
|a Derecho Pb︢lico y Administrativo
|z Colombia
|
| 700 |
1 |
|
|a Molina Londoǫ, Luis Fernando
|
| 740 |
0 |
|
|a vLex Libros (Servicio en ln̕ea)
|
| 856 |
4 |
0 |
|u http://vlex.com/source/fundacion-ford-colombia-1962-2012-31849
|z Acceso restringido
|
| 942 |
|
|
|c BOOK
|
| 999 |
0 |
|
|a Public and Administrative Law
|